000
00245nam a2200085Ia 4500
008
170620s9999 xx 000 0 und d
100
_a
Chaddha- Satish C.
245
0
_a
Teacher in the Emerging Indian Society
260
_b
Meerut- International Publishing House
260
_c
2004
999
_c
23937
_d
23937